| 000 | 01497nam a22004577a 4500 | ||
|---|---|---|---|
| 001 | 0026856 | ||
| 003 | KOHA_MİRAKIL | ||
| 005 | 20260207002540.0 | ||
| 007 | ta | ||
| 008 | 110106b2006 tu a|||gr||||#||||0|tur | | ||
| 020 |
_a9750603842 _c0,01 |
||
| 040 |
_aTR-BiSEU _btur _cTR-BiSEU _erda |
||
| 041 | 0 | _atur | |
| 044 | _ctu | ||
| 050 |
_aLB1060 _b.B45 2006 |
||
| 100 | 1 | _aBelet, Ş. Dilek. | |
| 245 | 1 |
_aÖğrenme stratejilerinin okuduğunu anlama ve yazma becerileri ile Türkçe dersine ilişkin tutumlara etkisi/ _cŞ. Dilek Belet ; Ş. Dilek Belet. |
|
| 264 | 1 |
_aEskişehir : _bAnadolu Üniversitesi _c2006 |
|
| 300 |
_axiv, 313 sayfa : _bres., tbl. ; _c23 cm. |
||
| 336 |
_ametin _btxt _2rdacontent |
||
| 337 |
_aaracısız _bn _2rdamedia |
||
| 338 |
_acilt _bnc _2rdacarrier |
||
| 490 | 1 | _aT.C. | |
| 490 | 1 |
_aAnadolu Üniversitesi yayınları ; _v no. |
|
| 490 | 1 | _a1677. | |
| 490 | 1 |
_aEğitim Fakültesi yayınları ; _vno. |
|
| 490 | 1 | _a97 | |
| 500 | _aKaynakça var. | ||
| 650 | 0 |
_aLearning. _917775 |
|
| 650 | 0 |
_aÖğrenme. _910635 |
|
| 650 | 0 |
_aLearning strategies. _941985 |
|
| 650 | 0 |
_aÖğrenme stratejileri. _931825 |
|
| 650 | 0 |
_aTurkish language--Study and teaching. _99665 |
|
| 650 | 0 |
_aTürk dili--Çalışma ve öğretim. _99661 |
|
| 830 | 1 |
_aT.C. _96297 |
|
| 830 | 1 |
_aAnadolu Üniversitesi yayınları ; _v no. _97107 |
|
| 830 | 1 |
_a1677. _953211 |
|
| 830 | 1 |
_aEğitim Fakültesi yayınları ; _vno. _915887 |
|
| 830 | 1 |
_a97 _915436 |
|
| 942 |
_2lcc _cBK |
||
| 999 |
_c26792 _d26792 |
||